00454nam a22001337a 450000500170000000800410001701000160005802000150007410000260008924501200011526000350023530000170027050000330028720250214084940.0250214b |||||||| |||| 00| 0 eng d aBJ283.K89L3 a0888150709 aLangley, Mckendree R. aThe practice of political sprituality :bEpisodes from the public career of Abraham Kuyper /cMckendree R. Langley. aCanada:bPaideia press,c1984. a179p.c21cm. 3include bibliographical note